000 00440nam a2200181Ia 4500
001 8912
003 GE_BSU
008 181216s||||||||xx |||||||||||||| ||und||
040 _cGE_BSU
245 4 _aThe Economist, January 25th-31st. 2014
245 _bNumber 8871 Volume 410
260 _aParis
260 _c2014
300 _a78p.30sm.
653 _aThe Economist. 25th-31st. 2014
653 _aპერიოდიკა
942 _cCR
999 _c42219
_d42219